000 00477nam a2200169Ia 4500
003 GCL
008 140319s9999 xx 000 0 ara d
040 _aGCL /
_cGCL
082 0 4 _a811.082
_bم ع
100 1 _aمقدار رحيم
245 1 0 _aعفوا ايها الشاعر: ديوان /
_cمقدار رحيم
490 _aكتاب
_v0
650 0 4 _aالشعر السياسى
650 0 4 _aالشعر الحربى
650 0 4 _aحرب اكتوبر 1973
942 _2ddc
_cBK
999 _c42384
_d42384